<?xml version="1.0" encoding="UTF-8"?>
<collection xmlns="http://www.loc.gov/MARC21/slim">
 <record>
  <leader>01438nam a2200241 a 4500</leader>
  <controlfield tag="001">1/47578</controlfield>
  <controlfield tag="008">171129s1999    gr       b    00110 gre  </controlfield>
  <datafield tag="020" ind1=" " ind2=" ">
   <subfield code="a">960233066X</subfield>
  </datafield>
  <datafield tag="035" ind1=" " ind2=" ">
   <subfield code="l">50564</subfield>
  </datafield>
  <datafield tag="040" ind1=" " ind2=" ">
   <subfield code="a">GR-PeUP</subfield>
  </datafield>
  <datafield tag="082" ind1="0" ind2="0">
   <subfield code="a">304.609 4953 ΚΟΜ</subfield>
  </datafield>
  <datafield tag="100" ind1="1" ind2=" ">
   <subfield code="a">Κόμης, Κώστας,</subfield>
   <subfield code="d">1953-</subfield>
  </datafield>
  <datafield tag="245" ind1="1" ind2="0">
   <subfield code="a">Δημογραφικές όψεις της Πρέβεζας 16ος-18ος αιώνας /</subfield>
   <subfield code="c">Κώστας Κόμης.</subfield>
  </datafield>
  <datafield tag="260" ind1="0" ind2=" ">
   <subfield code="a">Ιωάννινα :</subfield>
   <subfield code="b">Πανεπιστήμιο Ιωαννίνων,</subfield>
   <subfield code="c">1999.</subfield>
  </datafield>
  <datafield tag="300" ind1=" " ind2=" ">
   <subfield code="a">541 σ. :</subfield>
   <subfield code="b">πίν. ;</subfield>
   <subfield code="c">25 εκ.</subfield>
  </datafield>
  <datafield tag="490" ind1="1" ind2=" ">
   <subfield code="a">Επιστημονική επετηρίδα Φιλοσοφικής Σχολής Πανεπιστημίου Ιωαννίνων &quot;Δωδώνη&quot; , Παράρτημα ;</subfield>
  </datafield>
  <datafield tag="504" ind1=" " ind2=" ">
   <subfield code="a">Περιέχει βιβλιογραφία.</subfield>
  </datafield>
  <datafield tag="650" ind1=" " ind2="4">
   <subfield code="a">Δημογραφική έρευνα</subfield>
   <subfield code="z">Ελλάδα</subfield>
   <subfield code="z">Πρέβεζα.</subfield>
  </datafield>
  <datafield tag="651" ind1=" " ind2="4">
   <subfield code="a">Πρέβεζα (Ελλάδα)</subfield>
   <subfield code="x">Πληθυσμός</subfield>
   <subfield code="y">16ος-18ος αι.</subfield>
  </datafield>
  <datafield tag="651" ind1=" " ind2="4">
   <subfield code="a">Πρέβεζα (Ελλάδα)</subfield>
   <subfield code="x">Ιστορία.</subfield>
  </datafield>
  <datafield tag="651" ind1=" " ind2="4">
   <subfield code="a">Πρέβεζα (Ελλάδα)</subfield>
   <subfield code="x">Πληθυσμός.</subfield>
  </datafield>
  <datafield tag="830" ind1=" " ind2="0">
   <subfield code="a">Επιστημονική επετηρίδα Φιλοσοφικής Σχολής Πανεπιστημίου Ιωαννίνων &quot;Δωδώνη&quot; , Παράρτημα ;</subfield>
   <subfield code="n">αρ. 58.</subfield>
  </datafield>
  <datafield tag="852" ind1=" " ind2=" ">
   <subfield code="a">INST</subfield>
   <subfield code="b">UNIPILB</subfield>
   <subfield code="c">MAIN</subfield>
   <subfield code="e">20171129</subfield>
   <subfield code="h">304.609 4953 ΚΟΜ</subfield>
   <subfield code="p">00178778</subfield>
   <subfield code="q">00178778</subfield>
   <subfield code="t">LOAN</subfield>
   <subfield code="y">0</subfield>
   <subfield code="4">1</subfield>
  </datafield>
 </record>
</collection>
